[Event "RUS-ch 63rd"]
[Site "Moscow"]
[Date "2010.12.22"]
[Round "11"]
[White "Nepomniachtchi, Ian"]
[Black "Vitiugov, Nikita"]
[Result "1/2-1/2"]
[WhiteElo "2720"]
[BlackElo "2709"]
[PlyCount "89"]
[EventDate "2010.12.11"]
[EventType "tourn"]
[EventRounds "11"]
[EventCountry "RUS"]
[EventCategory "19"]
[SourceTitle "CBM 140"]
[Source "ChessBase"]
[SourceDate "2011.01.18"]
[SourceVersion "1"]
[SourceVersionDate "2011.01.18"]
[SourceQuality "1"]

1. e4 e6 2. d4 d5 3. Nc3 Nf6 4. e5 Nfd7 5. Nce2 c5 6. c3 b5 7. a3 cxd4 8. cxd4
b4 9. a4 Ba6 10. f4 Nc6 11. b3 Be7 12. Nf3 Rc8 13. Ng3 Bxf1 14. Nxf1 f6 15.
exf6 Bxf6 16. Rb1 O-O 17. Ne3 Qb6 18. Bb2 Ne7 19. O-O Nf5 20. Nxf5 exf5 21. Kh1
Rc7 22. Qd3 g6 23. Ne5 Rfc8 24. Rbc1 Rxc1 25. Rxc1 Rxc1+ 26. Bxc1 Nf8 27. Be3
a6 28. Bg1 Bd8 29. Qc2 Bc7 30. a5 Qd6 31. Qa2 Ne6 32. Qa4 Kg7 33. Be3 Qe7 34.
Qc6 Bxa5 35. Qxd5 Bc7 36. Qc6 a5 37. g3 Nd8 38. Qc4 Bd6 39. d5 Nf7 40. Bd4 Nxe5
41. Qe2 Qb7 42. Qf3 Qe7 43. Qe2 Qb7 44. Qc4 Qe7 45. Qe2 1/2-1/2

[Event "RUS-ch 63rd"]
[Site "Moscow"]
[Date "2010.12.20"]
[Round "9"]
[White "Potkin, Vladimir"]
[Black "Vitiugov, Nikita"]
[Result "1/2-1/2"]
[WhiteElo "2646"]
[BlackElo "2709"]
[PlyCount "93"]
[EventDate "2010.12.11"]
[EventType "tourn"]
[EventRounds "11"]
[EventCountry "RUS"]
[EventCategory "19"]
[SourceTitle "CBM 140"]
[Source "ChessBase"]
[SourceDate "2011.01.18"]
[SourceVersion "1"]
[SourceVersionDate "2011.01.18"]
[SourceQuality "1"]

1. d4 g6 2. e4 Bg7 3. Nf3 c6 4. c4 d5 5. cxd5 cxd5 6. e5 Bg4 7. Nbd2 Nc6 8. Bb5
Qb6 9. Qa4 Bd7 10. Bxc6 Bxc6 11. Qa3 Bb5 12. Nb1 Qc6 13. Nc3 Bc4 14. b3 Bd3 15.
Qa4 b5 16. Qa5 a6 17. Ba3 Nh6 18. Rd1 Be4 19. Nxe4 dxe4 20. d5 Qd7 21. d6 exd6
22. Rxd6 Qc8 23. Qb4 Nf5 24. Qxe4 Nxd6 25. Bxd6 Qc3+ 26. Ke2 Rc8 27. Nd2 Qc6
28. Qf4 Qxg2 29. Rd1 h5 30. Nf3 Qg4 31. Qe3 Bf8 32. Rd4 Qf5 33. Rf4 Qc2+ 34.
Nd2 Rh7 35. h4 Rd8 36. Kf1 Qc1+ 37. Kg2 Be7 38. Qa7 Qc6+ 39. Ne4 Bxd6 40. exd6
Rxd6 41. Kh2 Re6 42. Qb8+ Ke7 43. Ng5 Re1 44. Qa7+ Ke8 45. Qb8+ Ke7 46. Qa7+
Ke8 47. Qb8+ 1/2-1/2

[Event "RUS-ch 63rd"]
[Site "Moscow"]
[Date "2010.12.22"]
[Round "11"]
[White "Potkin, Vladimir"]
[Black "Kurnosov, Igor"]
[Result "1/2-1/2"]
[WhiteElo "2646"]
[BlackElo "2676"]
[PlyCount "123"]
[EventDate "2010.12.11"]
[EventType "tourn"]
[EventRounds "11"]
[EventCountry "RUS"]
[EventCategory "19"]
[SourceTitle "CBM 140"]
[Source "ChessBase"]
[SourceDate "2011.01.18"]
[SourceVersion "1"]
[SourceVersionDate "2011.01.18"]
[SourceQuality "1"]

1. Nf3 c5 2. c3 d5 3. d4 e6 4. Bf4 Nf6 5. e3 Be7 6. Nbd2 O-O 7. Bd3 Nc6 8. h3
b6 9. O-O Bb7 10. Qe2 Bd6 11. Bxd6 Qxd6 12. dxc5 bxc5 13. e4 Nd7 14. exd5 exd5
15. Rfe1 Nf6 16. Nf1 d4 17. Ng3 Rae8 18. Qd2 Ne5 19. Nxe5 Rxe5 20. Rxe5 Qxe5
21. Bc4 dxc3 22. Qxc3 Qxc3 23. bxc3 Rd8 24. Rb1 Bc6 25. Rb3 a5 26. Nf5 Kf8 27.
Ne3 Ne4 28. f3 Nd2 29. Rb6 Nxc4 30. Nxc4 Bd5 31. Nxa5 Bxa2 32. c4 Rd1+ 33. Kh2
Rd2 34. Rb5 g6 35. Rxc5 Rc2 36. Kg3 Ke7 37. Rc7+ Ke6 38. h4 h6 39. Rc6+ Kd7 40.
Rc5 Kd6 41. Rd5+ Ke6 42. Rc5 Kd6 43. Rc6+ Kd7 44. Kh3 Rc1 45. g4 Rc3 46. Kg3
Ra3 47. Rc5 Ra4 48. h5 gxh5 49. gxh5 Kd6 50. Nb7+ Kd7 51. Rf5 Ke6 52. Ra5 Rxa5
53. Nxa5 Ke5 54. f4+ Ke4 55. Nb7 Bxc4 56. Nd6+ Kd5 57. Nxf7 Be2 58. Nxh6 Bxh5
59. Kh4 Bg6 60. Kg5 Bb1 61. f5 Bxf5 62. Nxf5 1/2-1/2

[Event "RUS-ch 63rd"]
[Site "Moscow"]
[Date "2010.12.15"]
[Round "5"]
[White "Potkin, Vladimir"]
[Black "Zvjaginsev, Vadim"]
[Result "1/2-1/2"]
[WhiteElo "2646"]
[BlackElo "2676"]
[PlyCount "75"]
[EventDate "2010.12.11"]
[EventType "tourn"]
[EventRounds "11"]
[EventCountry "RUS"]
[EventCategory "19"]
[SourceTitle "CBM 140"]
[Source "ChessBase"]
[SourceDate "2011.01.18"]
[SourceVersion "1"]
[SourceVersionDate "2011.01.18"]
[SourceQuality "1"]

1. d4 Nf6 2. c4 e6 3. Nf3 d5 4. Nc3 Be7 5. Bf4 O-O 6. e3 c5 7. dxc5 Bxc5 8.
cxd5 exd5 9. Be2 Nc6 10. O-O Be6 11. Rc1 Rc8 12. a3 a6 13. Ne5 Bd6 14. Nxc6
Rxc6 15. Qd4 Bc5 16. Qd3 Bd6 17. Bxd6 Qxd6 18. Bf3 Qe5 19. Rcd1 Rb6 20. Na4 Rc6
21. Nc3 Rb6 22. Qe2 Ne4 23. Bxe4 dxe4 24. Rd4 f5 25. Rfd1 Bb3 26. R1d2 Rh6 27.
h3 b5 28. Rd8 Rhf6 29. Qh5 h6 30. R2d4 Rxd8 31. Rxd8+ Kh7 32. Qe8 Qxe8 33. Rxe8
Rd6 34. g4 fxg4 35. hxg4 Rd2 36. Ra8 Bc4 37. b3 Bd3 38. Re8 1/2-1/2

[Event "RUS-ch 63rd"]
[Site "Moscow"]
[Date "2010.12.16"]
[Round "6"]
[White "Svidler, Peter"]
[Black "Malakhov, Vladimir"]
[Result "1-0"]
[WhiteElo "2722"]
[BlackElo "2712"]
[Annotator "Ftacnik,L"]
[PlyCount "81"]
[EventDate "2010.12.11"]
[EventType "tourn"]
[EventRounds "11"]
[EventCountry "RUS"]
[EventCategory "19"]
[SourceTitle "CBM 140"]
[Source "ChessBase"]
[SourceDate "2011.01.18"]
[SourceVersion "1"]
[SourceVersionDate "2011.01.18"]
[SourceQuality "1"]

1. e4 e5 2. Nf3 Nc6 3. Bb5 Nf6 4. O-O Nxe4 5. d4 Be7 6. Qe2 Nd6 7. Bxc6 bxc6 8.
dxe5 Nb7 {The retreat of the knight to the b7-square seems strange at first
sight, but practice gives the idea full approval. Black can afford to take
some liberties as he can fall back on his bishop pair.} 9. c4 O-O 10. Nc3 f6
11. Re1 fxe5 12. Qxe5 {Recapturing with the queen is tied to the sound idea of
transferring it to the kingside for attacking purposes. Centralisation of the
knight seems to be more natural, but Black tends to equalise.} (12. Nxe5 Bf6
13. Bf4 (13. Qh5 Nc5 14. Bf4 Ne6 15. Bg3 Bxe5 16. Rxe5 d6 17. Re3 Bd7 18. Rae1
Qf6 19. b3 Rae8 20. h3 Qf5 {1/2-1/2 Westerinen,H (2430)-Pachman,L (2485)/
Geneve 1977}) 13... Qe8 (13... Nc5 14. Bg3 Bxe5 15. Bxe5 d6 16. Bd4 Ne6 17.
Rad1 Nxd4 18. Rxd4 Qf6 19. Re4 Bd7 20. f3 Rfe8 21. Qd2 Rxe4 22. Nxe4 Qe5 23.
Qc3 Re8 $11 {1/2-1/2 Liberzon,V (2545)-Pachman,L (2510)/Biel 1980 (50)}) (13...
Bxe5 14. Bxe5 d6 15. Bd4 Qh4 (15... Bf5 16. Qd2 Qd7 17. Ne2 Rae8 18. b3 Nd8 19.
Ng3 Ne6 20. Be3 Bg6 21. Rad1 c5 22. f3 Qf7 23. Ne2 Rd8 24. Nc3 c6 25. Na4 Rfe8
$11 {1/2-1/2 Klovans,J-Liberzon,V/Alma-Ata 1968 (41)}) 16. Qd2 Qf4 17. Re3 Nd8
18. Ne4 Ne6 19. Bc3 Bd7 20. Rae1 Rae8 21. b3 Qh6 22. Rg3 Qxd2 23. Nxd2 Rf7 $14
{1/2-1/2 Tal,M (2615)-Dorfman,J (2405)/Moscow 1976 (41)}) 14. Qc2 Bxe5 15. Bxe5
Qf7 16. c5 d6 17. cxd6 cxd6 18. Bg3 Bf5 19. Qa4 Qd7 20. Rad1 d5 21. f3 Nc5 22.
Qa3 Ne6 23. Re5 Bg6 24. Qa4 Nc5 25. Qd4 Ne6 $11 {1/2-1/2 Mecking,H (2575)
-Panno,O (2580)/Petropolis 1973 (41)}) 12... Bf6 13. Qh5 {Adams retreated to
g3 right away since the queen can support the attack also from that square. It
certainly deserves attention as the candidate for the best move.} (13. Qg3 Nc5
14. Bg5 Nd3 15. Re3 Nxb2 16. Rae1 Bxg5 17. Nxg5 Qf6 18. Rf3 Qd8 19. Nce4 Ba6
20. Nxh7 Rxf3 21. gxf3 Kxh7 22. Ng5+ Kg8 23. Qh4 $18 {1-0 Adams,M (2723)
-Howell,D (2611)/London 2010 (28)}) 13... g6 14. Qh6 Bg7 15. Qh3 d6 16. Qg3 Qd7
{Black could easily face some problems, if he were to underestimate the
situation. The queen is heading to g4 in order to exchange with its
counterpart.} (16... Bd7 17. Bg5 Qb8 18. Ne4 Nd8 (18... d5 19. Rad1 dxe4 20.
Rxd7 Nd6 (20... exf3 21. Ree7 Bxb2 22. Qh3 $18) 21. Ne5 Qb4 22. Rf1 Bxe5 23.
Qxe5 Rf7 24. Rxf7 Nxf7 25. Qe6 Qd6 26. Qxd6 cxd6 27. Bf6 $14) 19. Be7 Rf5 20.
Nh4 Rf7 21. Ng5 $14) 17. h3 Nc5 18. Qh4 Ne6 (18... Rf7 19. Ng5 Bf6 20. Be3 Qe7
21. Qg3 $14) 19. Ng5 Nxg5 $2 {Only Malakhov can explain why he played this
reckless move. In a flash the white pieces became dominant and the defender
has no time to parry the main threats.} (19... Bf6 $1 20. Nce4 Bd8 21. Be3 c5
$11) 20. Bxg5 Rf7 (20... Re8 $2 21. Ne4 Qf7 22. Nf6+ Bxf6 23. Rxe8+ Qxe8 24.
Bxf6 $16) (20... Qf5 21. Re7 Rf7 22. g4 $1 Qd3 (22... Qf3 23. Re3 $18) 23. Rae1
$18) 21. Ne4 Bb7 22. c5 $1 {[%mdl 32] Black might easily have missed this fine
idea, that will create a critical weakness on the d6-square.} (22. Bf6 h6 23.
Bxg7 Kxg7 $14) 22... Raf8 (22... d5 23. Nf6+ Bxf6 24. Bxf6 Raf8 25. Bg5 $16)
23. cxd6 cxd6 24. Rad1 c5 {Both armies are finally fully mobilised, but the
second player faces the impossible task of solving the problem of the d6-pawn.}
(24... Be5 25. f4 Bxf4 26. Nf6+ Rxf6 27. Bxf6 $16) (24... d5 25. Nc5 Qf5 26.
Ne6 Qxf2+ (26... Rc8 27. Nxg7 Rxg7 28. Rd4 $16) 27. Qxf2 Rxf2 28. Nxf8 Rxf8 29.
Re7 $16) 25. Nxd6 {The genuine proof of the defender's misery lies in the fact
that even the seemingly dangerous capture with the rook was very strong.} (25.
Rxd6 $5 Qf5 (25... Qc7 26. Bd8 $1 Qc8 27. Ng5 $18) (25... Qb5 26. Nf6+ Bxf6 27.
Bxf6 Qb4 28. Qxb4 cxb4 29. Bd4 $16) 26. g4 Qf3 (26... Qe5 27. Nf6+ Rxf6 28.
Rxe5 Rxd6 29. Re1 Bd4 30. Be3 Bxe3 31. fxe3 Rd2 32. e4 $16) 27. Re3 $18) 25...
Rxf2 26. Qxf2 Rxf2 27. Kxf2 Bf8 {The fight of the black army against ideally
coordinated white pieces will be quite instructive.} (27... Bd4+ 28. Rxd4 cxd4
29. Re8+ Kg7 30. Re7+ $18) 28. Re8 $1 Qg7 (28... Kg7 29. Rd8 Qe6 30. Re1 Qxa2
31. Ne8+ Kg8 (31... Kh8 32. Kg1 Qa6 33. Rf1 $18) 32. Nf6+ Kg7 33. Rd7+ $18) 29.
Kg1 Bc6 30. Rc8 h6 (30... Bd7 31. Ne8 Bxe8 32. Rxe8 h6 33. Bc1 Kf7 34. Red8 $18
) 31. Rxc6 {Svidler must have been quite happy, since any sensible move would
keep the dominant position.} (31. Bf4 Bd7 32. Rb8 Bc6 33. Bg3 Kh7 34. Rc8 $18)
31... hxg5 32. Ne4 Qe5 (32... Be7 33. Rc8+ Kf7 34. Nxg5+ Bxg5 35. Rd7+ Be7 36.
Rxe7+ Kxe7 37. Rc7+ $18) 33. Nf6+ Kh8 (33... Kf7 34. Ng4 Qxb2 35. Rd7+ Be7 36.
Rcc7 $18) 34. Ng4 Qe8 35. Rc7 {Without the benefit of the bishop pair the
defence of Black's position will be simply impossible.} Bg7 (35... a6 $2 36.
Rh7+ $18) (35... Qb8 36. Rcd7 c4 37. Rd8 Qb6+ 38. Kh1 Qc5 39. Rf1 $18) 36. Rxc5
Qb8 (36... Bxb2 37. Rc7 Bg7 38. Rxa7 $18) 37. Kh1 Qxb2 (37... Bxb2 38. Rb1 Qf8
39. Rb5 $18) 38. Rc8+ Kh7 39. Rd7 Qb1+ 40. Kh2 Qb6 (40... Qf5 41. Rcc7 $18) 41.
Rf8 $1 {The final idea is very witty and actually merciful on the defender. He
has no chance to prevent the mating combination.} (41. Rf8 $1 a5 42. Nf6+ Kh6
43. Rh8+ Bxh8 44. Rh7#) 1-0

[Event "RUS-ch 63rd"]
[Site "Moscow"]
[Date "2010.12.15"]
[Round "5"]
[White "Tomashevsky, Evgeny"]
[Black "Svidler, Peter"]
[Result "1/2-1/2"]
[WhiteElo "2699"]
[BlackElo "2722"]
[PlyCount "53"]
[EventDate "2010.12.11"]
[EventType "tourn"]
[EventRounds "11"]
[EventCountry "RUS"]
[EventCategory "19"]
[SourceTitle "CBM 140"]
[Source "ChessBase"]
[SourceDate "2011.01.18"]
[SourceVersion "1"]
[SourceVersionDate "2011.01.18"]
[SourceQuality "1"]

1. d4 Nf6 2. c4 g6 3. Nc3 d5 4. Bf4 Bg7 5. e3 c5 6. dxc5 Qa5 7. Rc1 dxc4 8.
Bxc4 O-O 9. Nf3 Qxc5 10. Bb3 Nc6 11. O-O Qa5 12. h3 Bf5 13. Qe2 Ne4 14. g4 Nxc3
15. bxc3 Bd7 16. Rfd1 Rad8 17. Rd5 Qa3 18. Rcd1 Be6 19. Rxd8 Nxd8 20. Qb5 a6
21. Qb6 Bxb3 22. axb3 Ne6 23. Be5 Bxe5 24. Nxe5 Qc5 25. Qxc5 Nxc5 26. b4 Ne4
27. Rd7 1/2-1/2

[Event "RUS-ch 63rd"]
[Site "Moscow"]
[Date "2010.12.13"]
[Round "3"]
[White "Tomashevsky, Evgeny"]
[Black "Zvjaginsev, Vadim"]
[Result "1/2-1/2"]
[WhiteElo "2699"]
[BlackElo "2676"]
[PlyCount "54"]
[EventDate "2010.12.11"]
[EventType "tourn"]
[EventRounds "11"]
[EventCountry "RUS"]
[EventCategory "19"]
[SourceTitle "CBM 140"]
[Source "ChessBase"]
[SourceDate "2011.01.18"]
[SourceVersion "1"]
[SourceVersionDate "2011.01.18"]
[SourceQuality "1"]

1. d4 Nf6 2. c4 e6 3. Nc3 Bb4 4. e3 O-O 5. Nge2 c6 6. a3 Ba5 7. b4 Bc7 8. e4 d5
9. e5 Ne8 10. Ng3 f6 11. f4 fxe5 12. fxe5 a5 13. Rb1 axb4 14. axb4 Qh4 15. Be3
Nd7 16. Qh5 Qxh5 17. Nxh5 Ra3 18. Bd2 Nxe5 19. dxe5 Bxe5 20. Rc1 Nd6 21. Ng3
dxc4 22. Be2 b5 23. Rf1 Nf5 24. Nce4 Bb2 25. Rc2 Be5 26. Rc1 Bb2 27. Rc2 Be5
1/2-1/2

[Event "RUS-ch 63rd"]
[Site "Moscow"]
[Date "2010.12.20"]
[Round "9"]
[White "Tomashevsky, Evgeny"]
[Black "Kurnosov, Igor"]
[Result "1/2-1/2"]
[WhiteElo "2699"]
[BlackElo "2676"]
[PlyCount "36"]
[EventDate "2010.12.11"]
[EventType "tourn"]
[EventRounds "11"]
[EventCountry "RUS"]
[EventCategory "19"]
[SourceTitle "CBM 140"]
[Source "ChessBase"]
[SourceDate "2011.01.18"]
[SourceVersion "1"]
[SourceVersionDate "2011.01.18"]
[SourceQuality "1"]

1. Nf3 Nf6 2. c4 g6 3. g3 Bg7 4. Bg2 d5 5. cxd5 Nxd5 6. O-O O-O 7. Nc3 Nxc3 8.
bxc3 c5 9. d4 Be6 10. Qa4 Nc6 11. Ba3 cxd4 12. cxd4 Nxd4 13. Nxd4 Qxd4 14. Qxd4
Bxd4 15. Rad1 Bf6 16. Bxb7 Rad8 17. Bc5 Bxa2 18. Bxa7 Bb3 1/2-1/2

[Event "RUS-ch 63rd"]
[Site "Moscow"]
[Date "2010.12.21"]
[Round "10"]
[White "Vitiugov, Nikita"]
[Black "Zvjaginsev, Vadim"]
[Result "1-0"]
[WhiteElo "2709"]
[BlackElo "2676"]
[Annotator "Ftacnik,L"]
[PlyCount "81"]
[EventDate "2010.12.11"]
[EventType "tourn"]
[EventRounds "11"]
[EventCountry "RUS"]
[EventCategory "19"]
[SourceTitle "CBM 140"]
[Source "ChessBase"]
[SourceDate "2011.01.18"]
[SourceVersion "1"]
[SourceVersionDate "2011.01.18"]
[SourceQuality "1"]

1. d4 e6 2. c4 Nf6 3. Nc3 Bb4 4. Qc2 c5 5. dxc5 O-O 6. a3 Bxc5 7. Nf3 Nc6 8.
Bf4 Nh5 {Black can afford to decentralise the knight, since he enjoyis a
relative advantage in the development of his pieces.} 9. Bg5 Be7 {The retreat
of the bishop is not the best solution. Previously players with Black have
trusted the witty tactical solution after the move of the knight to the
d4-square.} (9... Nd4 10. Nxd4 (10. Qd2 Nb3 11. Bxd8 Nxd2 12. Nxd2 Rxd8 13.
Nde4 Be7 14. O-O-O Nf6 15. Nxf6+ gxf6 16. e4 b6 17. Kb1 Ba6 18. Nb5 Bxb5 19.
cxb5 Rac8 {1/2-1/2 Knezevic,M-Cebalo,M (2510)/Borovo 1981}) 10... Qxg5 11. Nf3
(11. Ne4 Qe7 (11... Qe5 12. Nxc5 Qxd4 13. Nb3 Qb6 14. e3 d6 15. c5 dxc5 16.
Nxc5 Rd8 17. Be2 Nf6 18. O-O Bd7 19. Nxd7 Rxd7 20. Rac1 Rad8 21. Rfd1 Rxd1+ 22.
Bxd1 h6 $11 {1/2-1/2 Toth,B (2390)-Robatsch,K (2440)/Rome 1980 (49)}) 12. Nxc5
Qxc5 13. e3 b6 14. Be2 Bb7 15. O-O Nf6 16. Rac1 Rfc8 17. Qa4 Qg5 18. Bf3 Bxf3
19. Nxf3 Qh5 20. Qd1 Rc7 21. Qd3 Rac8 22. Rc3 d5 $11 {0-1 Whiteley,A (2395)
-Parma,B (2530)/Moscow 1977 (56)}) (11. Ne4 Qe5 12. Nf3 Qc7 13. Nxc5 Qxc5 14.
e3 b6 $11) 11... Qd8 12. e3 Nf6 13. Bd3 Be7 14. O-O Qa5 15. g4 b5 16. Nd2 Bb7
17. Rac1 b4 18. axb4 Bxb4 {1/2-1/2 Farago,I (2535)-Csom,I (2500)/Budapest 1981
(19)}) 10. h4 f5 $6 (10... f6 11. Be3 Ne5 12. Nxe5 fxe5 13. O-O-O b6 14. Bg5
Bb7 15. e3 $11) 11. O-O-O h6 (11... Nf6 12. e4 $1 fxe4 13. Nxe4 $16) 12. Bxe7
Qxe7 (12... Nxe7 13. Nd4 d5 14. e3 Nf6 15. cxd5 Nexd5 16. Bc4 $14) 13. e4 $1 {
Zvjaginsev did not manage to justify the displacement of the knight on h5 with
the dubious advance 10...f7-f5. Vitiugov is rushing to open the centre before
Black can get his pieces to decent squares.} g6 (13... Nf4 14. g3 fxe4 15. Nxe4
Nh5 16. Be2 $16) 14. exf5 gxf5 (14... exf5 $2 15. Nd5 Qg7 16. c5 $16) 15. Rg1
Nf6 16. g4 $5 {[%mdl 128] White has excellent chances to succeed with his
attack, since the black bishop on c8 diminishes coordination and needs time to
get into play.} fxg4 (16... Nxg4 17. Nb5 Kh8 (17... d5 18. cxd5 exd5 19. Rxd5
Be6 20. Rd6 $16) 18. Nd6 b6 19. Kb1 $16) 17. Nh2 h5 18. f3 Ne5 (18... Qh7 19.
fxg4 Qxc2+ 20. Kxc2 Kh8 21. Be2 $16) 19. fxg4 (19. Be2 Qg7 20. fxg4 hxg4 21.
Ne4 $16) 19... hxg4 (19... Nfxg4 20. Be2 Rf4 (20... Qxh4 21. Nxg4 hxg4 22. Bxg4
Qg5+ 23. Rd2 Nxg4 24. Ne4 Qg6 25. Rdg2 $16) 21. Bxg4 hxg4 22. Rde1 d6 23. Re4
$16) 20. Ne4 Qg7 21. Be2 d5 {Black is desperate to solve the problem of his
coordination. Opening the centre could bring the c8-bishop to life.} (21...
Qh6+ 22. Kb1 Qg6 23. Rd4 $1 Kh8 24. Nxf6 Qxc2+ 25. Kxc2 Rxf6 26. Nxg4 Rg6 27.
h5 Rg5 28. Rf1 $16) 22. Nxf6+ Rxf6 23. Nxg4 Rg6 24. h5 {Vitiugov is forcing
the clarification on g4, he did not have the nerve to go with the more precise
idea 24.Rd4!} (24. Rd4 $1 Kh8 (24... Nxc4 25. Nf6+ $18) 25. h5 Rxg4 26. Rdxg4
Nxg4 27. Rxg4 Qh6+ 28. Kb1 e5 29. Rg1 d4 30. Ka2 Bd7 31. Qe4 Re8 32. Rg6 $18)
24... Rxg4 25. Bxg4 Nxg4 26. Qg2 e5 {The defender is clearly suffering, but
the game is not over yet. The check on g5 might have prolonged the agony.} (
26... Qg5+ 27. Kb1 e5 28. Qxd5+ Kh8 29. Ka1 Bf5 30. Qxb7 Rg8 31. Qxa7 $16) 27.
Qxd5+ Kh8 (27... Qf7 28. Qe4 Bf5 29. Rxg4+ Kf8 30. Qf3 Bxg4 31. Qxg4 $18) 28.
Qd8+ Kh7 29. Qd3+ Kh8 (29... Kh6 30. Qd2+ Kh7 31. Qc2+ $18) 30. Qd8+ Kh7 31.
Rd6 {Possibly even more convincing was the manoeuvring of the rook via the
d2-square.} (31. Rd2 $5 Qf7 32. b3 e4 33. Qg5 $18) 31... Bf5 (31... Qf7 $1 32.
Qg5 Qf4+ (32... Qxc4+ 33. Kb1 Qf7 34. Rxg4 Qf5+ 35. Ka1 $18) 33. Qxf4 exf4 34.
Rd8 Nh6 35. Re1 $16) 32. Qxa8 Qc7 33. Rxg4 $1 Bxg4 34. Qd8 $6 {The future
winner is complicating his own life. It was much more exact to move the queen
to f8, which controlled the f4-square.} (34. Qf8 $1 Qxc4+ 35. Kd2 Qe2+ 36. Kc3
Qe3+ 37. Kb4 Qf4+ 38. Qxf4 exf4 39. h6 $18) 34... Qxc4+ 35. Kd2 Qe2+ $6 {
The last chance to put up some resistance is slipping away with this less
convincing continuation.} (35... Qf4+ $1 36. Kc3 Bxh5 37. Qc7+ Bf7 38. Rd1 Qf3+
39. Kd2 Qf4+ 40. Kc2 Qe4+ 41. Kc1 Kg6 $16) 36. Kc3 Qe3+ 37. Kb4 Qf4+ 38. Ka5
b6+ (38... Bxh5 39. Rd7+ Bf7 40. Rxb7 $18) 39. Ka6 Qf7 40. b4 $1 Be2+ 41. b5 {
The final position features an unusual spot for the white king.} (41. b5 Bg4
42. Rc6 $18) 1-0

[Event "RUS-ch 63rd"]
[Site "Moscow"]
[Date "2010.12.14"]
[Round "4"]
[White "Vitiugov, Nikita"]
[Black "Khismatullin, Denis Rimovich"]
[Result "1-0"]
[WhiteElo "2709"]
[BlackElo "2659"]
[PlyCount "119"]
[EventDate "2010.12.11"]
[EventType "tourn"]
[EventRounds "11"]
[EventCountry "RUS"]
[EventCategory "19"]
[SourceTitle "CBM 140"]
[Source "ChessBase"]
[SourceDate "2011.01.18"]
[SourceVersion "1"]
[SourceVersionDate "2011.01.18"]
[SourceQuality "1"]

1. d4 Nf6 2. c4 g6 3. Nc3 Bg7 4. e4 d6 5. f3 O-O 6. Be3 c5 7. dxc5 dxc5 8. Qxd8
Rxd8 9. Bxc5 Nc6 10. Nge2 Nd7 11. Be3 Nde5 12. Nf4 b6 13. Rc1 e6 14. Be2 Ba6
15. b3 Nb4 16. O-O Ned3 17. Nxd3 Nxd3 18. Rcd1 Nb4 19. Rxd8+ Rxd8 20. Rc1 Bxc3
21. Rxc3 Nxa2 22. Rc2 Nb4 23. Rc1 Rd7 24. Kf2 Kg7 25. Ra1 Bc8 26. Ra4 Nc2 27.
Bf4 f6 28. e5 Nd4 29. Bd1 Nc6 30. exf6+ Kxf6 31. Ke1 e5 32. Be3 Nd4 33. h4 Rc7
34. Ra2 Be6 35. Rd2 Rd7 36. g4 Nc6 37. Rxd7 Bxd7 38. Kd2 h5 39. Kc3 Ke6 40. b4
Kd6 41. gxh5 gxh5 42. f4 Be8 43. f5 Ne7 44. Bc2 Bf7 45. Be4 Kd7 46. Bg5 Nc6 47.
Be3 Ne7 48. Bc2 Nc6 49. Bd3 Ne7 50. Be4 Kc7 51. Bf2 Ng8 52. Be3 Ne7 53. Bh6 Kd6
54. Bf8 Kd7 55. b5 Nc8 56. Bc6+ Kd8 57. f6 Bg6 58. Bb4 Bf7 59. Ba3 Be6 60. Bd5
1-0

[Event "RUS-ch 63rd"]
[Site "Moscow"]
[Date "2010.12.11"]
[Round "1"]
[White "Vitiugov, Nikita"]
[Black "Svidler, Peter"]
[Result "1/2-1/2"]
[WhiteElo "2709"]
[BlackElo "2722"]
[PlyCount "75"]
[EventDate "2010.12.11"]
[EventType "tourn"]
[EventRounds "11"]
[EventCountry "RUS"]
[EventCategory "19"]
[SourceTitle "CBM 140"]
[Source "ChessBase"]
[SourceDate "2011.01.18"]
[SourceVersion "1"]
[SourceVersionDate "2011.01.18"]
[SourceQuality "1"]

1. Nf3 Nf6 2. c4 g6 3. Nc3 d5 4. cxd5 Nxd5 5. Qa4+ Bd7 6. Qh4 Nxc3 7. bxc3 Nc6
8. d4 e6 9. Qg3 Bd6 10. Bf4 Qe7 11. e4 Bxf4 12. Qxf4 f6 13. Qe3 e5 14. Rb1 b6
15. Bb5 O-O 16. O-O Rfd8 17. h4 Na5 18. Bxd7 Rxd7 19. h5 Re8 20. hxg6 exd4 21.
gxh7+ Qxh7 22. Nxd4 Qxe4 23. Qh6 Nc4 24. f3 Qe3+ 25. Qxe3 Rxe3 26. Rbd1 Nb2 27.
Rc1 Na4 28. Nf5 Re2 29. Rf2 Rxf2 30. Kxf2 Rd2+ 31. Kg3 Rxa2 32. c4 Rd2 33. Ra1
Nb2 34. Rxa7 Rd7 35. Ne3 Kf7 36. Nd5 Nxc4 37. Rxc7 Rxc7 38. Nxc7 1/2-1/2

[Event "RUS-ch 63rd"]
[Site "Moscow"]
[Date "2010.12.22"]
[Round "11"]
[White "Zvjaginsev, Vadim"]
[Black "Khismatullin, Denis Rimovich"]
[Result "1/2-1/2"]
[WhiteElo "2676"]
[BlackElo "2659"]
[PlyCount "51"]
[EventDate "2010.12.11"]
[EventType "tourn"]
[EventRounds "11"]
[EventCountry "RUS"]
[EventCategory "19"]
[SourceTitle "CBM 140"]
[Source "ChessBase"]
[SourceDate "2011.01.18"]
[SourceVersion "1"]
[SourceVersionDate "2011.01.18"]
[SourceQuality "1"]

1. e4 c5 2. Nf3 d6 3. d4 cxd4 4. Qxd4 Nc6 5. Bb5 Bd7 6. Bxc6 Bxc6 7. Nc3 Nf6 8.
Bg5 e6 9. O-O-O Be7 10. Bxf6 Bxf6 11. Qxd6 Qxd6 12. Rxd6 Bxc3 13. bxc3 Bxe4 14.
Ne5 Rc8 15. Rd4 Bd5 16. c4 Bxg2 17. Rg1 f6 18. Nd7 Ke7 19. Rxg2 g6 20. Rg3 Rc7
21. Rgd3 Rd8 22. Rh4 Rdxd7 23. Rxh7+ Ke8 24. Rh8+ Ke7 25. Rh7+ Ke8 26. Rh8+
1/2-1/2